000 00581nam a22002057a 4500
003 OSt
005 20240610112719.0
008 230621s2017 sp ||||| |||| 00| 1 spa d
020 _a9788433977748
040 _cESOC
100 1 _aNothomb, Amélie,
_d1966-
_eautor
245 1 0 _aCosmética del enemigo /
_cAmélie Nothomb ; traducción de Sergi Pàmies
250 _a2a ed.
260 _aBarcelona :
_bAnagrama,
_c2015
300 _a96 p.
490 _aCompactos ;
_v671
650 4 _aLiteratura belga
_vNovelas
_ySiglo XXI
700 1 _aPàmies, Sergi
_etraductor
942 _2udc
_cOG
_n0
999 _c2
_d2